Statistics for Most Common Immigrant Origin by U.S. State

Click here to take the quiz!

General Stats

  • This quiz has been taken 12,422 times
  • The average score is 17 of 23

Answer Stats

# StatesCountry% Correct
39Mexico
99%
26China
97%
9Canada
93%
31India
92%
1Japan
92%
2Cuba
91%
1Brazil
90%
2Germany
81%
1South Korea
80%
1Colombia
80%
4Guatemala
78%
5Vietnam
77%
9Philippines
77%
2Honduras
73%
1Haiti
73%
5Dominican Rep.
70%
6El Salvador
66%
2Jamaica
64%
1Iraq
63%
1Poland
59%
1Portugal
43%
1Somalia
33%
2Ethiopia
32%

Score Distribution

Percentile by Number Answered

Percent of People with Each Score

Your Score History

You have not taken this quiz